Fr. Conceicao Rodrigues College of Engineering

Switch gear & Protection (Record no. 26880)

MARC details
000 -LEADER
fixed length control field 00315nam a2200145Ia 4500
082 ## - DEWEY DECIMAL CLASSIFICATION NUMBER
Classification number 621.381537
100 ## - MAIN ENTRY--PERSONAL NAME
Personal name Deshpande/M.P.
245 ## - TITLE STATEMENT
Title Switch gear & Protection
260 ## - PUBLICATION, DISTRIBUTION, ETC.
Name of publisher, distributor, etc. Tata Mc Graw hill
Place of publication, distribution, etc. New Delhi
Date of publication, distribution, etc. 1991
300 ## - PHYSICAL DESCRIPTION
Extent 247
546 ## - LANGUAGE NOTE
Language note ENGLISH
654 ## - SUBJECT ADDED ENTRY--FACETED TOPICAL TERMS
Focus term Switch gear
942 ## - ADDED ENTRY ELEMENTS (KOHA)
Koha item type BOOK
Holdings
Withdrawn status Lost status Damaged status Not for loan Collection Home library Current library Date acquired Source of acquisition Cost, normal purchase price Total Checkouts Full call number Barcode Date last seen Cost, replacement price Price effective from Koha item type
        CRC Fr. Agnel's C.Rodrigues College of Engineering Fr. Agnel's C.Rodrigues College of Engineering 17/03/2023 global books 75.00   621.381537 5493 17/03/2023 75.00 17/03/2023 BOOK